| 000 | 00000nam##2200000za#4500 |
| 001 | 9.580956 |
| 003 | CaOODSP |
| 005 | 20231208112831 |
| 007 | cr ||||||||||| |
| 008 | 150406|2011||||xxc|||||o f|0| 0 eng|d |
| 040 | |aCaOODSP|beng |
| 043 | |an-cn--- |
| 086 | 1 |aPS83-5/R240E-PDF |
| 110 | 1 |aCorrectional Service Canada. |bResearch Branch. |
| 245 | 10|aWithin-treatment change on dynamic predictors of sexual offence recidivism / |h[electronic resource]|cPrepared by: Jeffrey Abracen. |
| 260 | |aOttawa - Ontario : |bCorrectional Service Canada. |cMay 2011. |
| 300 | |a1p. |
| 490 | 1 |aResearch at a glance|vR-240 |
| 590 | |a14-17-Supp|b2014-10-09 |
| 775 | 08|tModification en cours de traitement des prédicteurs dynamiques de la récidive sexuelle / |w(CaOODSP)9.607857 |
| 830 | #0|aResearch at a glance (Correctional Service Canada)|vR-240|w(CaOODSP)9.506649 |
| 856 | 40|ahttp://publications.gc.ca|qPDF|s89 KB|uhttps://publications.gc.ca/collections/collection_2014/scc-csc/PS83-5-R240-eng.pdf|yR-240 |